ბათუმის შოთა რუსთაველის სახელმწიფო უნივერსიტეტის ბიბლიოთეკა

ეროვნული უსაფრთხოება: (ბიბ.ჩანაწერი № 63737)

000 -ლიდერი
ფიქსირებული სიგრძის საკონტროლო ველი 01459nam a22002417a 4500
003 - საკონტროლო ნომრის იდენტიფიკატორი
საკონტროლო ველი Ge_BSU
005 - ბოლო ოპერაციის თარიღი და დრო
საკონტროლო ველი 20251218154159.0
008 - ფიქსირებული სიგრძის მონაცემთა ელემენტები - ზოგადი ინფორმაცია
ფიქსირებული სიგრძის საკონტროლო ველი 251218s2025 ge ||||| |||| 00| 0 geo d
020 ## - წიგნის საერთაშორისო სტანდარტული ნომერი
International Standard Book Number 9789941882777
041 ## - ენის კოდი
Language code of text/sound track or separate title geo
080 ## - უნივერსალური ათობითი კლასიფიკაციის ინდექსი
Universal Decimal Classification number 351.74(479.22) ფ-97
100 ## - მთავარი ჩანაწერი - პიროვნების სახელი
Personal name ფუტკარაძე, კახა
9 (RLIN) 25852
245 ## - ცნობა სათაურის შესახებ
Title ეროვნული უსაფრთხოება:
Remainder of title დაზვერვა და კონტრდაზვერვა /
Statement of responsibility, etc კახა ფუტკარაძე; რედ. მ. ბალახაძე, პ. გელაშვილი; დავით აღმაშენებლის სახელობის საქართველოს ეროვნული თავდაცვის აკადემია.
264 ## - წარმოების, გამოცემის, დისტრიბუციის და სხვა ცნობები
გამოცემის, წარმოების, დისტრიბუციის... ადგილი თბილისი,
გამოცემის, წარმოების, დისტრიბუციის... თარიღი 2025.
300 ## - ფიზიკური აღწერა
Extent 322 გვ. ;
Other physical details 22 სმ.
504 ## - BIBLIOGRAPHY, ETC. NOTE
Bibliography, etc ბიბლიოგრ. გვ. 310-320
653 ## - INDEX TERM--UNCONTROLLED
Uncontrolled term დაზვერვა
653 ## - INDEX TERM--UNCONTROLLED
Uncontrolled term ეროვნული უსაფრთხოება
700 ## - ADDED ENTRY--PERSONAL NAME
Personal name ბალახაძე, მ.
Relator term რედაქტორი
9 (RLIN) 26555
700 ## - ADDED ENTRY--PERSONAL NAME
Personal name გელაშვილი, პ.
Relator term რედაქტორი
9 (RLIN) 26556
710 ## - ADDED ENTRY--CORPORATE NAME
Corporate name or jurisdiction name as entry element დავით აღმაშენებლის სახელობის საქართველოს ეროვნული თავდაცვის აკადემია.
9 (RLIN) 26557
942 ## - ADDED ENTRY ELEMENTS (KOHA)
Source of classification or shelving scheme
Koha item type წიგნი
ეგზემპლარები
ჩამოწერის სტატუსი დაკარგული ეგზემპლარის სტატუსი კლასიფიკაციის წყარო ან თაროზე გაწყობის სქემა დაზიანების სტატუსი არ გაიცემა მუდმივი მდებარეობა (დაცვის ადგილი) ამჟამინდელი ადგილსამყოფელი თაროზე განთავსების ადგილი შეძენის თარიღი ღირებულება, შესყიდვის ნორმალური ფასი სრული შენახვის შიფრი შტრიხკოდი ბოლო ოპერაციის თარიღი ეგზემპლარის მიმდევრობითი ნომერი (კეტერი?) Uniform Resource Identifier ფასის ძალაში შესვლის თარიღი ეგზემპლარის სახეობა საჯარო შენიშვნა
          ბათუმის შოთა რუსთაველის სახელმწიფო უნივერსიტეტის მთავარი ბიბლიოთეკა ბათუმის შოთა რუსთაველის სახელმწიფო უნივერსიტეტის მთავარი ბიბლიოთეკა წიგნსაცავი 2025-12-18 10.00 351.74(479.22) ფ-97 73299 2025-12-18 73299 ნაჩუქარი 2025-12-18 წიგნი 10 ლ.